Forestry and land use
| Format: | Book |
|---|---|
| Published: |
London :
The Royal Institution of Chartered Surveyor ,
1982
|
| Subjects: |
MARC
| LEADER | 00000cam a2200000 7i4500 | ||
|---|---|---|---|
| 001 | 0000002986 | ||
| 005 | 20070423.0 | ||
| 040 | |a INS | ||
| 090 | 0 | 0 | |a SD177 |b F64 1982 |
| 245 | 0 | 0 | |a Forestry and land use |
| 260 | |a London : |b The Royal Institution of Chartered Surveyor , |c 1982 | ||
| 300 | |a 16p ; |c 30cm. | ||
| 650 | 0 | 0 | |a Forests and Forestry |z Great Britain |
| 650 | 0 | 0 | |a Land use |z Great Britain |
| 999 | |a 0000001624 |b BOOK |c Open Shelf |e Default branch | ||